[Event "DEM U18 2024"]
[Site "Willingen GER"]
[Date "2024.05.22"]
[Round "5"]
[White "Weidenhöfer, Max"]
[Black "Hecht, Jonas Christian"]
[Result "1-0"]
[Termination "normal"]
[Board "6"]
[WhiteElo "2108"]
[BlackElo "2101"]
[WhiteClock "00:07:08"]
[BlackClock "00:04:30"]
[PlyCount "71"]
[WhiteFideId "16230566"]
[BlackFideId "16214846"]
[EventCountry "GER"]
[EventRounds "9"]
[EventType "swiss"]
[EventDate "2024.05.18"]

1. Nf3 {[%clk 01:30:55]} {[%emt 00:00:05]} Nf6 {[%clk 01:30:46]} {[%emt
00:00:15]} 2. g3 {[%clk 01:31:17]} {[%emt 00:00:06]} d6 {[%clk 01:31:02]}
{[%emt 00:00:15]} 3. Bg2 {[%clk 01:30:23]} {[%emt 00:01:23]} g6 {[%clk
01:31:28]} {[%emt 00:00:05]} 4. O-O {[%clk 01:25:41]} {[%emt 00:05:12]} Bg7
{[%clk 01:31:52]} {[%emt 00:00:05]} 5. c4 {[%clk 01:25:58]} {[%emt 00:00:13]}
O-O {[%clk 01:32:12]} {[%emt 00:00:11]} 6. d4 {[%clk 01:18:13]} {[%emt
00:08:15]} Nbd7 {[%clk 01:28:45]} {[%emt 00:03:57]} 7. b3 {[%clk 01:17:06]}
{[%emt 00:01:37]} e5 {[%clk 01:26:34]} {[%emt 00:02:41]} 8. Bb2 {[%clk
01:15:17]} {[%emt 00:02:18]} Nh5 {[%clk 01:12:26]} {[%emt 00:14:40]} 9. e4
{[%clk 01:10:41]} {[%emt 00:05:05]} c6 {[%clk 01:02:29]} {[%emt 00:10:27]} 10.
Nc3 {[%clk 01:01:55]} {[%emt 00:09:15]} Qc7 {[%clk 00:54:13]} {[%emt 00:08:47]}
11. Qd2 {[%clk 00:53:08]} {[%emt 00:09:17]} Re8 {[%clk 00:50:20]} {[%emt
00:04:22]} 12. Rad1 {[%clk 00:50:13]} {[%emt 00:03:25]} Nf8 {[%clk 00:41:10]}
{[%emt 00:09:41]} 13. Ba3 {[%clk 00:46:50]} {[%emt 00:03:52]} Bg4 {[%clk
00:36:02]} {[%emt 00:05:38]} 14. dxe5 {[%clk 00:47:04]} {[%emt 00:00:17]} dxe5
{[%clk 00:36:26]} {[%emt 00:00:06]} 15. h3 {[%clk 00:47:11]} Bxf3 {[%clk
00:36:50]} {[%emt 00:00:29]} 16. Bxf3 {[%emt 00:00:28]} Nf6 17. Bg2 {[%clk
00:42:58]} {[%emt 00:04:52]} Rad8 {[%clk 00:35:53]} {[%emt 00:01:49]} 18. Bd6
{[%clk 00:41:13]} {[%emt 00:02:16]} Qc8 {[%clk 00:31:06]} {[%emt 00:05:17]} 19.
Qe3 {[%clk 00:40:34]} {[%emt 00:01:08]} b6 {[%clk 00:24:28]} {[%emt 00:07:09]}
20. c5 {[%clk 00:41:00]} {[%emt 00:00:04]} N6d7 {[%clk 00:22:14]} {[%emt
00:02:44]} 21. b4 {[%clk 00:37:14]} {[%emt 00:04:16]} bxc5 {[%clk 00:18:41]}
{[%emt 00:04:03]} 22. bxc5 {[%clk 00:31:44]} {[%emt 00:06:00]} Qa6 {[%clk
00:17:25]} {[%emt 00:01:47]} 23. f4 {[%clk 00:26:56]} {[%emt 00:05:17]} exf4
{[%clk 00:17:38]} {[%emt 00:00:17]} 24. gxf4 {[%clk 00:27:14]} {[%emt
00:00:11]} Ne6 {[%clk 00:15:17]} {[%emt 00:02:51]} 25. e5 {[%clk 00:24:52]}
{[%emt 00:02:52]} Bh6 {[%clk 00:10:15]} {[%emt 00:05:33]} 26. Ne4 {[%clk
00:23:39]} {[%emt 00:01:43]} Kh8 {[%clk 00:07:49]} {[%emt 00:02:56]} 27. Kh1
{[%clk 00:19:35]} {[%emt 00:04:34]} Ng7 {[%clk 00:07:13]} {[%emt 00:01:05]} 28.
Qb3 {[%clk 00:18:40]} {[%emt 00:01:25]} Ne6 {[%clk 00:06:59]} {[%emt 00:00:44]}
29. f5 {[%clk 00:17:09]} {[%emt 00:02:01]} gxf5 {[%clk 00:06:48]} {[%emt
00:00:42]} 30. Rxf5 {[%clk 00:17:36]} {[%emt 00:00:02]} Rg8 {[%clk 00:05:32]}
{[%emt 00:01:46]} 31. Bf1 {[%clk 00:16:09]} {[%emt 00:01:57]} Qa5 {[%clk
00:04:33]} {[%emt 00:01:30]} 32. Rxf7 {[%clk 00:11:13]} {[%emt 00:05:26]} Ndxc5
{[%clk 00:04:15]} {[%emt 00:00:48]} 33. Nxc5 {[%clk 00:09:55]} {[%emt
00:01:48]} Nxc5 {[%clk 00:04:39]} {[%emt 00:00:06]} 34. Qc2 {[%clk 00:09:04]}
{[%emt 00:01:20]} Rg7 {[%clk 00:05:01]} {[%emt 00:00:09]} 35. Bc7 {[%clk
00:07:35]} {[%emt 00:01:59]} Rd2 {[%clk 00:04:30]} {[%emt 00:01:01]} 36. Rf8+
{[%clk 00:07:08]} {[%emt 00:00:57]} 1-0

[Event "DEM U18 2024"]
[Site "Willingen GER"]
[Date "2024.05.22"]
[Round "5"]
[White "Bui, Bao Anh Le"]
[Black "Garner, Isaac"]
[Result "0-1"]
[Termination "normal"]
[Board "7"]
[WhiteElo "2150"]
[BlackElo "2289"]
[WhiteClock "00:01:04"]
[BlackClock "00:13:02"]
[PlyCount "80"]
[WhiteFideId "12970719"]
[BlackFideId "16239261"]
[EventCountry "GER"]
[EventRounds "9"]
[EventType "swiss"]
[EventDate "2024.05.18"]

1. e4 {[%clk 01:29:48]} {[%emt 00:01:11]} e5 {[%clk 01:30:25]} {[%emt
00:00:36]} 2. Nf3 {[%clk 01:29:51]} {[%emt 00:00:25]} Nc6 {[%clk 01:30:47]}
{[%emt 00:00:09]} 3. Bc4 {[%clk 01:29:56]} {[%emt 00:00:24]} Bc5 {[%clk
01:30:12]} {[%emt 00:01:06]} 4. c3 {[%clk 01:28:20]} {[%emt 00:02:06]} Nf6
{[%clk 01:30:34]} {[%emt 00:00:08]} 5. d3 {[%clk 01:27:28]} {[%emt 00:01:22]}
a5 {[%clk 01:30:50]} {[%emt 00:00:14]} 6. O-O {[%clk 01:24:25]} {[%emt
00:03:33]} d6 {[%clk 01:31:10]} {[%emt 00:00:10]} 7. Nbd2 {[%clk 01:23:00]}
{[%emt 00:01:54]} O-O {[%clk 01:31:13]} {[%emt 00:00:27]} 8. h3 {[%clk
01:19:51]} {[%emt 00:03:40]} h6 {[%clk 01:31:34]} {[%emt 00:00:09]} 9. Re1
{[%clk 01:18:37]} {[%emt 00:01:45]} Be6 {[%clk 01:31:55]} {[%emt 00:00:09]} 10.
Bb5 {[%clk 01:16:45]} {[%emt 00:02:21]} Qb8 {[%clk 01:32:17]} {[%emt 00:00:09]}
11. Bxc6 {[%clk 01:15:30]} {[%emt 00:01:44]} bxc6 {[%clk 01:32:40]} {[%emt
00:00:08]} 12. d4 {[%clk 01:15:45]} {[%emt 00:00:14]} exd4 {[%clk 01:32:38]}
{[%emt 00:00:32]} 13. cxd4 {[%clk 01:15:46]} {[%emt 00:00:29]} Bb6 {[%clk
01:33:03]} {[%emt 00:00:06]} 14. a4 {[%clk 01:15:02]} {[%emt 00:01:13]} Re8
{[%clk 01:31:14]} {[%emt 00:02:20]} 15. Nb1 {[%clk 01:07:12]} {[%emt 00:08:19]}
d5 {[%clk 01:16:06]} {[%emt 00:15:38]} 16. e5 {[%clk 01:05:54]} {[%emt
00:01:47]} Nd7 {[%clk 01:14:28]} {[%emt 00:02:10]} 17. Nc3 {[%clk 00:56:20]}
{[%emt 00:10:03]} Qb7 {[%clk 00:59:43]} {[%emt 00:15:16]} 18. Be3 {[%clk
00:38:54]} {[%emt 00:17:55]} c5 {[%clk 00:56:50]} {[%emt 00:03:23]} 19. Nb5
{[%clk 00:34:43]} {[%emt 00:04:40]} cxd4 {[%clk 00:47:39]} {[%emt 00:09:42]}
20. Bxd4 {[%clk 00:33:17]} {[%emt 00:01:56]} Red8 {[%clk 00:47:23]} {[%emt
00:00:46]} 21. Bxb6 {[%clk 00:31:49]} {[%emt 00:01:58]} Qxb6 {[%clk 00:46:25]}
{[%emt 00:01:29]} 22. Nfd4 {[%clk 00:27:49]} {[%emt 00:04:29]} c6 {[%clk
00:44:02]} {[%emt 00:02:53]} 23. Nxe6 {[%clk 00:24:02]} {[%emt 00:04:17]} fxe6
{[%clk 00:44:27]} {[%emt 00:00:05]} 24. Nd4 {[%clk 00:23:59]} {[%emt 00:00:32]}
c5 {[%clk 00:44:33]} {[%emt 00:00:25]} 25. Nb5 {[%clk 00:24:12]} {[%emt
00:00:17]} Rf8 {[%clk 00:44:00]} {[%emt 00:01:03]} 26. Qg4 {[%clk 00:13:32]}
{[%emt 00:11:10]} c4 {[%clk 00:37:49]} {[%emt 00:06:41]} 27. Re3 {[%clk
00:12:37]} {[%emt 00:01:25]} Nc5 {[%clk 00:31:49]} {[%emt 00:06:30]} 28. Rg3
{[%clk 00:07:49]} {[%emt 00:05:18]} Qb7 {[%clk 00:31:55]} {[%emt 00:00:25]} 29.
Rd1 {[%clk 00:02:45]} {[%emt 00:05:33]} Qe7 {[%clk 00:29:06]} {[%emt 00:03:18]}
30. Nd6 {[%clk 00:00:53]} {[%emt 00:02:23]} Rab8 {[%clk 00:28:13]} {[%emt
00:01:23]} 31. Qh5 {[%clk 00:00:53]} {[%emt 00:00:29]} Nd3 {[%clk 00:19:16]}
{[%emt 00:09:28]} 32. Rd2 {[%clk 00:00:59]} {[%emt 00:00:25]} Kh8 {[%clk
00:18:24]} {[%emt 00:01:22]} 33. Re3 {[%clk 00:00:33]} {[%emt 00:00:55]} Nxb2
{[%clk 00:16:08]} {[%emt 00:02:47]} 34. Rd4 {[%clk 00:00:50]} {[%emt 00:00:12]}
Nd3 {[%clk 00:15:58]} {[%emt 00:00:40]} 35. Rg4 {[%clk 00:00:37]} {[%emt
00:00:43]} Nf4 {[%clk 00:15:58]} {[%emt 00:00:30]} 36. Qh4 {[%clk 00:00:37]}
{[%emt 00:00:30]} Qxh4 {[%clk 00:16:21]} {[%emt 00:00:07]} 37. Rxh4 {[%clk
00:01:04]} {[%emt 00:00:03]} Nd3 {[%clk 00:15:16]} {[%emt 00:01:35]} 38. Nb5
{[%clk 00:00:54]} {[%emt 00:00:40]} Nxf2 {[%clk 00:15:06]} {[%emt 00:00:40]}
39. Rg3 {[%clk 00:00:42]} {[%emt 00:00:42]} Ne4 {[%clk 00:13:02]} {[%emt
00:02:34]} 40. Rg6 {[%clk 00:01:04]} {[%emt 00:00:07]} Nc5 {[%emt 00:02:11]}
0-1

[Event "DEM U18 2024"]
[Site "Willingen GER"]
[Date "2024.05.22"]
[Round "5"]
[White "Englert, Luca"]
[Black "Eilenberg, Jonas"]
[Result "1/2-1/2"]
[Termination "normal"]
[Board "8"]
[BlackTitle "FM"]
[WhiteElo "2168"]
[BlackElo "2296"]
[WhiteClock "00:44:59"]
[BlackClock "00:30:51"]
[PlyCount "52"]
[WhiteFideId "16293088"]
[BlackFideId "16204271"]
[EventCountry "GER"]
[EventRounds "9"]
[EventType "swiss"]
[EventDate "2024.05.18"]

1. e4 {[%clk 01:30:58]} {[%emt 00:00:01]} e5 {[%clk 01:30:47]} {[%emt
00:00:13]} 2. Nf3 {[%clk 01:31:12]} {[%emt 00:00:16]} Nc6 {[%clk 01:31:10]}
{[%emt 00:00:08]} 3. Bc4 {[%clk 01:31:37]} {[%emt 00:00:05]} Nf6 {[%clk
01:31:29]} {[%emt 00:00:11]} 4. Ng5 {[%clk 01:32:02]} {[%emt 00:00:04]} d5
{[%clk 01:31:51]} {[%emt 00:00:07]} 5. exd5 {[%clk 01:32:28]} {[%emt 00:00:05]}
b5 {[%clk 01:32:15]} {[%emt 00:00:06]} 6. Bxb5 {[%clk 01:17:38]} {[%emt
00:15:21]} Qxd5 {[%clk 01:32:36]} {[%emt 00:00:09]} 7. Nc3 {[%clk 01:17:28]}
{[%emt 00:00:39]} Qxg2 {[%clk 01:32:34]} {[%emt 00:00:32]} 8. Qf3 {[%clk
01:17:50]} {[%emt 00:00:08]} Qxf3 {[%clk 01:32:47]} {[%emt 00:00:18]} 9. Nxf3
{[%clk 01:18:18]} {[%emt 00:00:01]} Bd7 {[%clk 01:33:01]} {[%emt 00:00:16]} 10.
d3 {[%clk 01:17:55]} {[%emt 00:00:53]} Nd4 {[%clk 01:30:52]} {[%emt 00:02:39]}
11. Bxd7+ {[%clk 01:17:25]} {[%emt 00:00:59]} Kxd7 {[%clk 01:29:27]} {[%emt
00:01:56]} 12. Nxd4 {[%clk 01:17:49]} {[%emt 00:00:06]} exd4 {[%clk 01:29:52]}
{[%emt 00:00:05]} 13. Ne2 {[%clk 01:18:09]} {[%emt 00:00:10]} Re8 {[%clk
01:28:17]} {[%emt 00:02:05]} 14. Kf1 {[%clk 01:17:51]} {[%emt 00:00:48]} c5
{[%clk 01:26:55]} {[%emt 00:01:52]} 15. a3 {[%clk 01:10:00]} {[%emt 00:08:22]}
Bd6 {[%clk 01:12:20]} {[%emt 00:15:04]} 16. b4 {[%clk 01:06:41]} {[%emt
00:03:49]} Re6 {[%clk 01:10:59]} {[%emt 00:01:51]} 17. Bb2 {[%clk 01:02:47]}
{[%emt 00:04:24]} Ng4 {[%clk 01:04:34]} {[%emt 00:06:55]} 18. bxc5 {[%clk
00:59:41]} {[%emt 00:03:37]} Nxh2+ {[%clk 00:55:15]} {[%emt 00:09:48]} 19. Kg2
{[%clk 00:59:43]} {[%emt 00:00:28]} Be5 {[%clk 00:46:18]} {[%emt 00:09:28]} 20.
f4 {[%clk 00:54:38]} {[%emt 00:05:35]} Bc7 {[%clk 00:46:39]} {[%emt 00:00:08]}
21. Nxd4 {[%clk 00:44:01]} {[%emt 00:11:07]} Rg6+ {[%clk 00:47:02]} {[%emt
00:00:07]} 22. Kxh2 {[%clk 00:43:25]} {[%emt 00:01:06]} Bxf4+ {[%clk 00:47:26]}
{[%emt 00:00:06]} 23. Kh3 {[%clk 00:43:54]} {[%emt 00:00:01]} Rg3+ {[%clk
00:47:31]} {[%emt 00:00:24]} 24. Kh2 {[%clk 00:44:02]} {[%emt 00:00:22]} Rg6+
{[%clk 00:33:00]} {[%emt 00:15:01]} 25. Kh3 {[%clk 00:44:31]} {[%emt 00:00:02]}
Rg3+ {[%clk 00:31:15]} {[%emt 00:02:15]} 26. Kh2 {[%clk 00:44:59]} {[%emt
00:00:01]} Rg6+ {[%clk 00:30:51]} {[%emt 00:00:53]} 1/2-1/2

[Event "DEM U18 2024"]
[Site "Willingen GER"]
[Date "2024.05.22"]
[Round "5"]
[White "Spriestersbach, Kai"]
[Black "Prieb, Robert"]
[Result "1-0"]
[Termination "normal"]
[Board "9"]
[BlackTitle "CM"]
[WhiteElo "2192"]
[BlackElo "2105"]
[PlyCount "59"]
[WhiteFideId "16269985"]
[BlackFideId "16212002"]
[EventCountry "GER"]
[EventRounds "9"]
[EventType "swiss"]
[EventDate "2024.05.18"]

1. Nf3 Nf6 2. c4 g6 3. Nc3 d5 4. cxd5 Nxd5 5. h4 h5 6. Qb3 Nb6 7. d4 Bg7 8. Bf4
Be6 9. Qa3 O-O 10. e3 N8d7 11. Ng5 Bc4 12. Bxc4 Nxc4 13. Qb4 e5 14. Qxc4 Nb6
15. Qb3 exf4 16. O-O a5 17. Rad1 Qe7 18. Rfe1 Qb4 19. Qc2 a4 20. exf4 a3 21.
bxa3 Rxa3 22. Ne2 Nd5 23. f5 Qa4 24. Qe4 Nf6 25. Qxb7 Rxa2 26. Rc1 Rc2 27. fxg6
fxg6 28. Nf4 Rxc1 29. Rxc1 Qxd4 30. Qb3+ 1-0

[Event "DEM U18 2024"]
[Site "Willingen GER"]
[Date "2024.05.22"]
[Round "5"]
[White "Metzdorf, Matteo"]
[Black "Pikalow, Michael"]
[Result "1/2-1/2"]
[Termination "normal"]
[Board "10"]
[WhiteElo "2131"]
[BlackElo "2089"]
[WhiteClock "00:06:39"]
[BlackClock "00:03:55"]
[PlyCount "81"]
[WhiteFideId "16209869"]
[BlackFideId "16227638"]
[EventCountry "GER"]
[EventRounds "9"]
[EventType "swiss"]
[EventDate "2024.05.18"]

1. e4 {[%clk 01:30:56]} {[%emt 00:00:03]} d5 {[%clk 01:30:48]} {[%emt
00:00:12]} 2. exd5 {[%clk 01:30:51]} {[%emt 00:00:35]} Nf6 {[%clk 01:31:15]}
{[%emt 00:00:03]} 3. Nf3 {[%clk 01:21:42]} {[%emt 00:09:39]} Qxd5 {[%clk
01:31:16]} {[%emt 00:00:29]} 4. Nc3 {[%clk 01:18:59]} {[%emt 00:03:13]} Qh5
{[%clk 01:31:34]} {[%emt 00:00:12]} 5. d4 {[%clk 00:59:55]} {[%emt 00:19:35]}
Bg4 {[%clk 01:31:53]} {[%emt 00:00:11]} 6. Be2 {[%clk 00:45:30]} {[%emt
00:14:55]} Nc6 {[%clk 01:32:15]} {[%emt 00:00:07]} 7. O-O {[%clk 00:41:52]}
{[%emt 00:04:07]} O-O-O {[%clk 01:32:42]} {[%emt 00:00:05]} 8. Re1 {[%clk
00:36:38]} {[%emt 00:05:44]} e5 {[%clk 01:23:11]} {[%emt 00:10:01]} 9. d5
{[%clk 00:34:47]} {[%emt 00:02:21]} e4 {[%clk 01:12:36]} {[%emt 00:11:05]} 10.
Ng5 {[%clk 00:32:07]} {[%emt 00:03:10]} Ne5 {[%clk 00:45:26]} {[%emt 00:27:39]}
11. Ngxe4 {[%clk 00:26:36]} {[%emt 00:06:01]} Nxd5 {[%clk 00:26:34]} {[%emt
00:19:22]} 12. Nxd5 {[%clk 00:23:04]} {[%emt 00:04:03]} Bxe2 {[%clk 00:25:57]}
{[%emt 00:01:06]} 13. Qxe2 {[%clk 00:22:29]} {[%emt 00:01:05]} Qxe2 {[%clk
00:26:24]} {[%emt 00:00:04]} 14. Rxe2 {[%clk 00:22:57]} {[%emt 00:00:02]} Rxd5
{[%clk 00:26:50]} {[%emt 00:00:04]} 15. Nc3 {[%clk 00:14:09]} {[%emt 00:09:19]}
Ra5 {[%clk 00:26:42]} {[%emt 00:00:37]} 16. b3 {[%clk 00:11:51]} {[%emt
00:02:48]} f6 {[%clk 00:23:51]} {[%emt 00:03:21]} 17. Bb2 {[%clk 00:11:26]}
{[%emt 00:00:55]} Ba3 {[%clk 00:23:48]} {[%emt 00:00:32]} 18. Bxa3 {[%clk
00:11:00]} {[%emt 00:00:57]} Rxa3 {[%clk 00:24:16]} {[%emt 00:00:02]} 19. f4
{[%clk 00:08:08]} {[%emt 00:03:22]} Nc6 {[%clk 00:21:12]} {[%emt 00:03:33]} 20.
Nd5 {[%clk 00:06:35]} {[%emt 00:02:04]} Rd8 {[%clk 00:16:28]} {[%emt 00:05:13]}
21. c4 {[%clk 00:06:20]} {[%emt 00:00:46]} Nd4 {[%clk 00:14:13]} {[%emt
00:02:44]} 22. Rd2 {[%clk 00:04:27]} {[%emt 00:02:23]} c5 {[%clk 00:07:50]}
{[%emt 00:06:53]} 23. Re1 {[%clk 00:04:39]} {[%emt 00:00:18]} Ra6 {[%clk
00:07:36]} {[%emt 00:00:44]} 24. Re7 {[%clk 00:04:05]} {[%emt 00:01:04]} Rd7
{[%clk 00:07:56]} {[%emt 00:00:10]} 25. Re8+ {[%clk 00:03:52]} {[%emt
00:00:43]} Rd8 {[%clk 00:08:23]} {[%emt 00:00:04]} 26. Ne7+ {[%clk 00:04:05]}
{[%emt 00:00:17]} Kd7 {[%clk 00:07:49]} {[%emt 00:01:04]} 27. Rxd8+ {[%clk
00:04:32]} {[%emt 00:00:03]} Kxd8 {[%clk 00:08:17]} {[%emt 00:00:01]} 28. Nf5
{[%clk 00:04:55]} {[%emt 00:00:07]} Ke8 {[%clk 00:05:04]} {[%emt 00:03:42]} 29.
Nxg7+ {[%clk 00:05:06]} {[%emt 00:00:20]} Kf7 {[%clk 00:05:30]} {[%emt
00:00:03]} 30. Nh5 {[%clk 00:05:19]} {[%emt 00:00:17]} b5 {[%clk 00:04:12]}
{[%emt 00:01:49]} 31. cxb5 {[%clk 00:04:41]} {[%emt 00:01:08]} Nxb5 {[%clk
00:04:41]} {[%emt 00:00:02]} 32. f5 {[%clk 00:02:36]} {[%emt 00:02:35]} Nd4
{[%clk 00:04:59]} {[%emt 00:00:12]} 33. Ng3 {[%clk 00:01:41]} {[%emt 00:01:24]}
Rd6 {[%clk 00:05:23]} {[%emt 00:00:05]} 34. Kf2 {[%clk 00:00:57]} {[%emt
00:01:15]} Nxf5 {[%clk 00:05:27]} {[%emt 00:00:26]} 35. Rxd6 {[%clk 00:00:38]}
{[%emt 00:00:49]} Nxd6 {[%clk 00:05:56]} {[%emt 00:00:02]} 36. Ke3 {[%clk
00:00:41]} {[%emt 00:00:27]} Ke6 {[%clk 00:06:24]} {[%emt 00:00:02]} 37. Ne4
{[%clk 00:00:39]} {[%emt 00:00:31]} Nxe4 {[%clk 00:03:59]} {[%emt 00:02:55]}
38. Kxe4 {[%clk 00:01:08]} {[%emt 00:00:01]} f5+ {[%clk 00:04:28]} 39. Kf4
{[%clk 00:01:07]} {[%emt 00:00:31]} Kf6 {[%clk 00:04:47]} {[%emt 00:00:11]} 40.
h3 {[%clk 00:00:44]} {[%emt 00:00:53]} h6 {[%clk 00:03:55]} {[%emt 00:01:22]}
41. g3 {[%clk 00:06:39]} {[%emt 00:24:34]} 1/2-1/2

[Event "DEM U18 2024"]
[Site "Willingen GER"]
[Date "2024.05.22"]
[Round "5"]
[White "Hommer, Jeremy"]
[Black "Demchenko, Yaroslav"]
[Result "1-0"]
[Termination "normal"]
[Board "11"]
[WhiteTitle "FM"]
[WhiteElo "2264"]
[BlackElo "1996"]
[WhiteClock "00:47:31"]
[BlackClock "00:08:51"]
[PlyCount "77"]
[WhiteFideId "12992577"]
[BlackFideId "14186667"]
[EventCountry "GER"]
[EventRounds "9"]
[EventType "swiss"]
[EventDate "2024.05.18"]

1. d4 {[%clk 01:30:57]} {[%emt 00:00:03]} Nf6 {[%clk 01:30:52]} {[%emt
00:00:08]} 2. Nf3 {[%clk 01:31:14]} {[%emt 00:00:12]} g6 {[%clk 01:31:11]}
{[%emt 00:00:11]} 3. Nbd2 {[%clk 01:31:33]} {[%emt 00:00:12]} c5 {[%clk
01:29:45]} {[%emt 00:01:57]} 4. dxc5 {[%clk 01:31:46]} {[%emt 00:00:17]} Qa5
{[%clk 01:29:22]} {[%emt 00:00:53]} 5. a3 {[%clk 01:32:14]} {[%emt 00:00:01]}
Qxc5 {[%clk 01:29:35]} {[%emt 00:00:17]} 6. b4 {[%clk 01:32:38]} {[%emt
00:00:06]} Qc7 {[%clk 01:26:41]} {[%emt 00:03:24]} 7. Bb2 {[%clk 01:32:57]}
{[%emt 00:00:10]} Bg7 {[%clk 01:27:05]} {[%emt 00:00:07]} 8. e3 {[%clk
01:32:55]} {[%emt 00:00:31]} O-O {[%clk 01:27:09]} {[%emt 00:00:27]} 9. c4
{[%clk 01:31:22]} {[%emt 00:02:03]} d6 {[%clk 01:20:42]} {[%emt 00:06:57]} 10.
Be2 {[%clk 01:30:32]} {[%emt 00:01:19]} b6 {[%clk 01:19:27]} {[%emt 00:01:46]}
11. O-O {[%clk 01:29:50]} {[%emt 00:01:12]} Bb7 {[%clk 01:18:13]} {[%emt
00:01:44]} 12. Rc1 {[%clk 01:28:06]} {[%emt 00:02:13]} Nc6 {[%clk 01:13:34]}
{[%emt 00:05:09]} 13. Qb3 {[%clk 01:27:04]} {[%emt 00:01:32]} Rac8 {[%clk
01:13:24]} {[%emt 00:00:40]} 14. Rfd1 {[%clk 01:26:21]} {[%emt 00:01:13]} Rfd8
{[%clk 01:10:28]} {[%emt 00:03:27]} 15. h3 {[%clk 01:26:21]} {[%emt 00:00:29]}
Qb8 {[%clk 01:09:03]} {[%emt 00:01:56]} 16. Bc3 {[%clk 01:19:26]} {[%emt
00:07:24]} Nd7 {[%clk 00:57:52]} {[%emt 00:11:41]} 17. Nd4 {[%clk 01:12:04]}
{[%emt 00:07:52]} Nxd4 {[%clk 00:50:55]} {[%emt 00:07:27]} 18. exd4 {[%clk
01:12:00]} {[%emt 00:00:35]} Qa8 {[%clk 00:42:58]} {[%emt 00:08:27]} 19. Bf1
{[%clk 01:11:56]} {[%emt 00:00:34]} d5 {[%clk 00:42:54]} {[%emt 00:00:34]} 20.
c5 {[%clk 01:11:38]} {[%emt 00:00:47]} bxc5 {[%clk 00:43:13]} {[%emt 00:00:12]}
21. dxc5 {[%clk 01:11:13]} {[%emt 00:00:54]} d4 {[%clk 00:42:35]} {[%emt
00:01:09]} 22. Bb2 {[%clk 01:07:36]} {[%emt 00:04:07]} Bd5 {[%clk 00:36:44]}
{[%emt 00:06:21]} 23. Nc4 {[%clk 01:04:59]} {[%emt 00:03:06]} Rb8 {[%clk
00:31:21]} {[%emt 00:05:54]} 24. Qc2 {[%clk 00:57:00]} {[%emt 00:08:29]} d3
{[%clk 00:31:10]} {[%emt 00:00:41]} 25. Qd2 {[%clk 00:56:38]} {[%emt 00:00:52]}
Bxc4 {[%clk 00:23:05]} {[%emt 00:08:34]} 26. Rxc4 {[%clk 00:56:58]} {[%emt
00:00:10]} Bxb2 {[%clk 00:23:31]} {[%emt 00:00:05]} 27. Qxb2 {[%clk 00:57:16]}
{[%emt 00:00:11]} Nf6 {[%clk 00:16:07]} {[%emt 00:07:54]} 28. Rxd3 {[%clk
00:56:58]} {[%emt 00:00:47]} Rxd3 {[%clk 00:16:17]} {[%emt 00:00:21]} 29. Bxd3
{[%clk 00:57:26]} {[%emt 00:00:03]} Rd8 {[%clk 00:16:39]} {[%emt 00:00:08]} 30.
Rd4 {[%clk 00:57:17]} {[%emt 00:00:38]} e6 {[%clk 00:16:26]} {[%emt 00:00:44]}
31. Be2 {[%clk 00:55:40]} {[%emt 00:02:07]} Qb8 {[%clk 00:15:16]} {[%emt
00:01:39]} 32. Bf3 {[%clk 00:55:36]} {[%emt 00:00:34]} Nd5 {[%clk 00:14:41]}
{[%emt 00:01:06]} 33. Qd2 {[%clk 00:51:15]} {[%emt 00:04:50]} Qe5 {[%clk
00:14:54]} {[%emt 00:00:18]} 34. Bxd5 {[%clk 00:48:25]} {[%emt 00:03:20]} exd5
{[%clk 00:12:09]} {[%emt 00:03:15]} 35. Qe3 {[%clk 00:48:14]} {[%emt 00:00:40]}
Qxe3 {[%clk 00:11:54]} {[%emt 00:00:45]} 36. fxe3 {[%clk 00:48:37]} {[%emt
00:00:07]} f5 {[%clk 00:12:21]} {[%emt 00:00:03]} 37. b5 {[%clk 00:47:48]}
{[%emt 00:01:19]} Kf7 {[%clk 00:12:12]} {[%emt 00:00:39]} 38. Ra4 {[%clk
00:47:12]} {[%emt 00:01:06]} Rd7 {[%clk 00:08:51]} {[%emt 00:03:51]} 39. c6
{[%clk 00:47:31]} {[%emt 00:00:11]} 1-0